| 000 | 03421nam a2200397 a 4500 | ||
|---|---|---|---|
| 001 | 44699 | ||
| 003 | AR-BaAGN | ||
| 005 | 20231223063055.0 | ||
| 007 | ta | ||
| 008 | s2015 ag |||||r|||| ||| ||spa d | ||
| 020 | _a978-987-629-526-0 | ||
| 040 |
_aAR-BaAGN _bspa _eaacr |
||
| 100 | 1 |
_94699 _aTartakowsky, Danielle, _d1947- |
|
| 240 | 1 | 0 |
_aManifestation. _lespañol |
| 245 | 1 | 3 |
_aLa manifestación : _bcuando la acción colectiva toma la calle / _cOlivier Fillieule, Danielle Tartakowsky ; traducción de Ariel Dilon ; revisión de François Minaudier. |
| 250 |
_aEd. rev. y aum. / _bpor Olivier Fillieule. |
||
| 260 |
_aBuenos Aires : _bSiglo XXI, _c2015. |
||
| 300 |
_a222 páginas : _bil. byn ; _c22 cm. |
||
| 336 |
_2rdacontent _btxt |
||
| 337 |
_2rdamedia _bn |
||
| 338 |
_2rdacarrier _bnc |
||
| 490 | 1 | _aSociología y Política. Serie Rumbos Teóricos / dirigida por Gabriel Kessler. | |
| 500 | _aTraducción de Ariel Dilon. | ||
| 500 | _aRevisión de François Minaudier. | ||
| 520 | 3 | _aVivimos en sociedades en movimiento, en las que el recurso a la calle es elegido por actores muy diversos en cuanto a edad, educación, filiación ideológica y experiencia política: de los Indignados y Occupy Wall Street a las revueltas de la "primavera árabe", de las protestas conservadoras del Tea Party o de los grupos católicos franceses contra el matrimonio igualitario a los piquetes y acampes en América Latina. ¿Podemos extraer, de esa heterogeneidad, aquello que permita entender qué mueve a quienes marchan y cómo funcionan las manifestaciones en el espacio público de sociedades democráticas o autoritarias? Este libro propone mucho más que una síntesis acerca de la protesta en las calles: traza su recorrido histórico desde el siglo XIX, analiza sus características y las variables que surgen del acontecimiento mismo y de los actores. Así, Fillieule y Tartakowsky destacan el peso de las demandas y reivindicaciones, que siempre son de índole política o social, y el rol de los medios masivos y de las redes sociales en la lucha por la interpretación. Desmitifican la supuesta espontaneidad de las manifestaciones y analizan los efectos socializadores e identitarios de esa práctica que genera fervor y sentido de pertenencia. Y exploran también la relación entre los manifestantes y las fuerzas del orden, alertando contra el peligro de que se afirme una nueva doctrina de penalización de las movilizaciones. Se preguntan por los vínculos entre la protesta callejera, la crisis de la representación y los modos convencionales de participación -el voto, la militancia partidaria y sindical-, así como por las formas de interpelación directa a los responsables políticos. Por su consideración de los detalles y el esfuerzo analítico comparativo, el aporte que realiza esta obra es inmenso: nos ayuda a entender el mundo de la protesta en las calles, toda su riqueza y toda su incertidumbre, evitando los prejuicios que la enaltecen o la minimizan. (Descripción del editor). | |
| 650 | 4 |
_aMOVIMIENTOS SOCIALES _91849 |
|
| 650 | 4 |
_aSOCIOLOGÍA URBANA _9274 |
|
| 650 | 4 |
_aDEMOCRACIA _91504 |
|
| 650 | 4 |
_91847 _aMOVIMIENTO OBRERO |
|
| 700 | 1 |
_94699 _aTartakowsky, Danielle, _d1947- |
|
| 700 | 1 |
_aDilon, Ariel, _d1964- _etrl _9609 |
|
| 700 | 1 |
_aGargarella, Roberto, _d1964- _eaui _9390 |
|
| 942 |
_cLIBRO _kAGN _n0 |
||
| 999 |
_c44699 _d44699 |
||